Movies Quiz

Random Movies or Animal Quiz

5 by 5 Disney Animals Quiz Stats

 Plays Quiz Updated Dec 12, 2018

Support Sporcle.
Go Orange.
Score 0/25 Timer 05:00
1 Play Today
Hint Answer % Correct
CatsSimba
97.4%
Bolt
84.2%
Tramp
80%
Cheshire Cat
73.5%
Pegasus
65.2%
Pongo
65%
BirdsIago
64.9%
Owl
62.9%
Oliver
59%
Mushu
59%
Bagheera
48.8%
Lucifer
44.8%
Tick-Tock the Crocodile
37.2%
Hint Answer % Correct
Sir Hiss
36.4%
Scuttle
34%
Copper
33.1%
Maximus
30%
Hei Hei
27.7%
Archimedes
26.8%
DogsPercy
24.1%
Louis
21.1%
Philippe
19.2%
ReptilesJoanna
10.2%
Frou-Frou
6.3%
HorsesSnowball
3.5%

You're not logged in!

Compare scores with friends on all Sporcle quizzes.
OR
Log In
Forgot?

From the Vault

Greek Mythology Trios

by chair

Kim, Khloe ... oh wait, those aren't the Gorgons.
Remove Ads.
Support Sporcle.
Get the best of Sporcle when you Go Orange. This ad-free experience offers more features, more stats, and more fun while also helping to support Sporcle. Thank you for becoming a member.

Show Comments

Extras

Top Quizzes Today


Score Distribution

Your Account Isn't Verified!

In order to create a playlist on Sporcle, you need to verify the email address you used during registration. Go to your Sporcle Settings to finish the process.

Report this User

Report this user for behavior that violates our Community Guidelines.

Details: